The non-enzymatic deproteinization of natural rubber latex (DPNRL) enabling the greater versatility in end product applications (Record no. 70882)

MARC details
000 -LEADER
fixed length control field 00518nam a2200121Ia 4500
100 ## - MAIN ENTRY--AUTHOR NAME
Personal name Doyle W
245 #4 - TITLE STATEMENT
Title The non-enzymatic deproteinization of natural rubber latex (DPNRL) enabling the greater versatility in end product applications
260 ## - PUBLICATION, DISTRIBUTION, ETC. (IMPRINT)
Name of publisher India Rubber Expo & Tyre Show 2013. Conference & Workshop Abstracts, 22-24 January 2013, Mumbai, India. pp. 111-115.
650 ## - SUBJECT ADDED ENTRY--TOPICAL TERM
Topical Term Natural rubber latex
650 ## - SUBJECT ADDED ENTRY--TOPICAL TERM
Topical Term Non-enzymatic deproteinization
942 ## - ADDED ENTRY ELEMENTS (KOHA)
Koha item type Journals
Holdings
Withdrawn status Lost status Damaged status Not for loan Home library Current library Shelving location Date acquired Koha item type
      Journals RRII Library RRII Library Rubber technology 01/01/2016 Journals